| 000 | 01221nam a2200229Ia 4500 | ||
|---|---|---|---|
| 001 | 751 | ||
| 003 | GE_BSU | ||
| 008 | 181216s||||||||xx |||||||||||||| ||und|| | ||
| 040 | _cGE_BSU | ||
| 080 | _a94(479.22),,19'' | ||
| 100 | _aჯაყელი, ქეთი | ||
| 245 | _aმუნიციპალური მომსახურების მიწოდების გაუმჯობესება. სამუშაოს შესრულების მენეჯმენტის სახელმძღვანელო ადგილობრივი თვითმმართველობისათვის. | ||
| 245 | _cრედ:სარა პოლენ, ნანა ფალავანდიშვილი. მთარგ. ოთარ ჟღენტიი | ||
| 260 | _aთბილისი | ||
| 260 | _c2006 | ||
| 300 | _a183 გვ. | ||
| 300 | _eდისკი | ||
| 541 | _h15 ლ. | ||
| 653 | _aმენეჯმენტის სახელმძღვანელო | ||
| 653 | _aმუნიციპალური მომსახურების მიწოდების გაუმჯობესება | ||
| 942 | _cBK | ||
| 999 |
_c34923 _d34923 |
||